000 00562nam a22001817a 4500
999 _c186292
_d186292
005 20220222151948.0
010 _aENG-131725
020 _a9788194368519
_c298.00
035 _aEN-115257
037 _bDBAD
082 _a005.73
245 _aData Structures/
_cS. Vasundra et.al.
260 _aHyderabad
_bAmaravati Publications
_c2020
270 _a# 326/C, Level-3, Surneni Nilayam Near B K Guda Park, S R Nagar
_bHyderabad
_e500038
300 _aviii, 376p.
_c24cm(pbk)
700 _aVasundra, S. et.al.
942 _2ddc
_cEN
_h005.73
_mVAS